000 nam a22 7a 4500
999 _c18131
_d18131
008 161202b xxu||||| |||| 00| 0 eng d
020 _a1269756060
020 _a9781269756068
050 _aQA 39.3 .M38 2015
245 _aMathematical measurements and literacy/
260 _aUpper Saddle River, NJ :
_bPearson Educational, Inc,
_c2015.
300 _aiv, 346p. :
_bill. (chiefly col.). ;
_c28 cm.
500 _aIncludes index.
650 _aMathematics.
650 _aPharmaceutical arithmetic.
942 _2lcc
_cBOOKS
_hQA 39.3 .M38 2015